00354nam a2200145Ia 4500003000400000005001700004008004100021020001800062040002900080100001600109245003100125260003100156260000900187546001200196OSt20240222095959.0170619s9999 xx 000 0 und d a9781107606210 cIIMT ENGINEERING COLLEGE aSteers- R.M 0aManagement Across Cultures bCambridge University Press c2011 aENGLISH